|
|
|
|
| LEADER |
00000nab a2200000 a 4500 |
| 001 |
vtls011102793 |
| 003 |
SK-MaSNL |
| 005 |
20260303150109.0 |
| 008 |
230222|1962 xo |||||||||||||||||slo| |
| 015 |
|
|
|a SNBRB
|
| 035 |
|
|
|a (uuid)345b4dc1-f973-40d2-83bc-3d65fc5a84f7
|
| 035 |
|
|
|a (urnnbn)urn:nbn:sk:snk:ar-a082m3
|
| 035 |
|
|
|a urn:nbn:sk:snk-ab99db
|
| 040 |
|
|
|a SNKBUCL
|b slo
|c SNKBUCL
|e AACR2
|
| 041 |
0 |
|
|a slo
|
| 044 |
|
|
|a xo
|c SK
|
| 100 |
1 |
|
|a Podhradský, Vladimír,
|d 1923-
|4 aut
|9 37729
|
| 245 |
1 |
0 |
|a Zaujímavosti zo života bocianov
|c Vladimír Podhradský
|
| 773 |
0 |
|
|t Svet vedy : populárnovedecký mesačník SAV a Čs. spoločnosti pre šírenie politických a vedeckých poznatkov
|g Roč. 9, č. 10 (1962), s. [616]-619
|
| 954 |
|
|
|a odborná, vedecká literatúra pôvodná (slovenská)
|2 lita
|
| 958 |
|
|
|a OND
|
| 958 |
|
|
|a EUIPO
|
| 958 |
|
|
|a article13
|
| 999 |
|
|
|c 2007686
|d 2009616
|